000 00678nam a2200229 4500
001 122772
003 ES-MaACL
005 20230906192035.0
007 t|
008 070214s1982 xxk r ||||1| eng d
100 1 _aProcter, Ray.
_994015
245 1 0 _aTrees of the world /
_cillustrated by Karel Tholé and Ross Wardle.
250 _a7th print.
260 _aFeltham :
_bHamlyn,
_c1982.
300 _a159 p. :
_bil. ;
_c18 cm.
490 1 _aHamlyn all-colour paperbacks
700 1 _aTholé, Karel.
_9109983
700 1 _aWardle, Ross.
_9116091
830 0 _aHamlyn all-colour paperbacks
_9182034
852 _aES-MaACL
_jL-3014
_bR.103842
999 _c122772
_d122772